|
|
|
|
| LEADER |
01627nam a22004454a 4500 |
| 001 |
33026 |
| 003 |
BD-DhAAL |
| 005 |
20211207121557.0 |
| 008 |
180415t2000 nyu b 001 0 eng |
| 999 |
|
|
|c 39258
|d 39258
|
| 010 |
|
|
|a 99056510
|
| 020 |
|
|
|a 0312231768 (cloth)
|
| 020 |
|
|
|a 9780333718483
|
| 020 |
|
|
|a 9780333718476
|
| 020 |
|
|
|a 033371847X
|
| 020 |
|
|
|a 0333718488
|
| 020 |
|
|
|a 0312231776 (pbk)
|
| 040 |
|
|
|a DLC
|c DLC
|d DLC
|
| 042 |
|
|
|a pcc
|
| 050 |
0 |
0 |
|a JC131
|b .P538 2000
|
| 082 |
0 |
0 |
|a 320.1
|2 21
|
| 100 |
1 |
|
|a Pierre, Jon.
|9 25511
|
| 245 |
1 |
0 |
|a Governance, politics, and the state /
|c Jon Pierre and B. Guy Peters.
|
| 260 |
|
|
|a New York :
|b Palgrave macmillan,
|c c2000
|
| 300 |
|
|
|a viii, 231 p. ;
|c 22 cm.
|
| 440 |
|
0 |
|a Political analysis
|9 25512
|
| 504 |
|
|
|a Includes bibliographical references (pages 210-226) and index.
|
| 526 |
|
|
|a AAL
|
| 541 |
|
|
|a Trim Education
|e 33026, 33027
|
| 650 |
|
0 |
|a State, The.
|9 25513
|
| 650 |
|
0 |
|a Social policy.
|9 25514
|
| 650 |
|
0 |
|a Welfare state.
|9 25515
|
| 650 |
|
0 |
|a Economics.
|9 43515
|
| 650 |
|
0 |
|a Free enterprise
|9 25516
|
| 650 |
|
0 |
|a Policy sciences
|9 25517
|
| 700 |
1 |
|
|a Peters, B. Guy.
|9 25518
|
| 852 |
|
|
|a Ayesha Abed Library
|c General Stacks
|
| 942 |
|
|
|2 ddc
|c BK
|
| 952 |
|
|
|0 0
|1 0
|2 ddc
|4 0
|6 320_100000000000000_PIE
|7 0
|9 63165
|a BRACUL
|b BRACUL
|c GEN
|d 2018-04-12
|e Trim Education
|g 3630.00
|l 0
|o 320.1 PIE
|p 3010033026
|r 2018-04-12
|t 1
|v 3630.00
|w 2018-04-12
|y BK
|
| 952 |
|
|
|0 0
|1 0
|2 ddc
|4 0
|6 320_100000000000000_PIE
|7 0
|9 63166
|a BRACUL
|b BRACUL
|c GEN
|d 2018-04-12
|e Trim Education
|g 3630.00
|l 1
|m 2
|o 320.1 PIE
|p 3010033027
|r 2019-04-04
|s 2018-04-18
|t 2
|v 3630.00
|w 2018-04-12
|y BK
|